000 00761nam a2200253Ia 4500
003 OSt
005 20220928125743.0
006 a|||||r|||| 00| 0
007 ta
008 220927b |||||||| |||| 00| 0 eng d
024 _a116279
037 _bG, 17/08/2012,
_cTextual
040 _aSDCL
_cSDCL
_beng
041 _2eng
_aeng
082 _aI:6, P2
100 _aChahal G.S
_9471450
245 0 _aPrinciples and procedures of plant breeding
_b Biotechnological and conventional approaches.
260 _aNew Delhi
_bNarosa Publishing House
_c2006
300 _axviii,604p
_ccm.
650 _aGift
_9391569
700 _a Gosal S.S
_9471451
942 _hI:6, P2
_cTEXL
_2CC
999 _c784024
_d784024